00786nam a22002297a 4500003000500000005001700005008004100022010001000063011001000073035001000083040000900093082001600102111013800118245001500256260004900271300001100320490006100331650002400392650004100416710003800457830006100495CHAP20220329134753.0971013s1980 r 10010 d a25650 a26622 a30723 cCHAP a574.82bC6300aConference on Nursery Production of Fruit Plants Through Tissue Culture Applications and Feasibility (d1980c: Beltsville, Maryland) aProceeding aBeltsille, Maryland :bThe Department,c1980 a119 p. aAgricultural Research Results. Northeastern Seriesv; 1114aCultivo de tejidos.14aPropagación de árboles frutales.0 aE.U.A. Department of Agriculture.0 aAgricultural Research Results. Northeastern Seriesv; 11